Gotta Be You - One Direction - All Lyrics - Statistics

General Stats
  • This quiz has been taken 86 times
  • The average score is 233 of 263
Answer Stats
Answer % Correct
a
100%
be
100%
got
100%
gotta
100%
I
100%
you
100%
you,
100%
it
98%
Oh,
97%
oh,
97%
It's
95%
It’s
95%
it's
95%
one
95%
One
95%
(One
95%
more
94%
more,
94%
time?
94%
time,
94%
time
94%
we
94%
your
94%
Can
92%
can
92%
hear
92%
I'll
92%
me,
92%
only
92%
the
92%
to
92%
And
90%
and
90%
know
90%
no
90%
No
90%
you're
90%
I'm
89%
in
89%
see
89%
don't
87%
eyes,
87%
make
87%
that
87%
who
87%
better
85%
better?
85%
'Cause
85%
‘Cause
85%
Girl,
85%
girl,
85%
When
85%
But
84%
else
84%
heart
84%
if
84%
is
84%
try
84%
try?
84%
try?)
84%
all
82%
am,
82%
by
82%
nobody
82%
Now,
82%
there
82%
this
82%
with
82%
for
81%
here
81%
here,
81%
away,
79%
disappointed
79%
walk
79%
was
79%
what
79%
had
77%
how
77%
speak
77%
apart
76%
break
76%
chance
76%
Stop
76%
world
76%
foolish
74%
goin'
74%
made
74%
rewind
74%
side
74%
asking
73%
from
73%
mess
73%
tape
73%
than
73%
tore
73%
words
73%
ain't
71%
enough
71%
fall
71%
hey
71%
innocence
71%
upon
71%
voice
71%
louder
69%
nowhere
69%
resemble
69%
trembles
69%
You’ve
69%
you've
69%
actions
68%
scared,
68%
about
66%
deserves
66%
cryin'
65%
fears,
65%
woman
65%
anointed
60%
fade
60%
almost
58%
heard
55%
No matching quizzes found
Score Distribution
Percent of People with Each Score
Percentile by Number Answered
Your Score History
You have not taken this quiz